|
|
|
|
| LEADER |
00666nam a22002052a 4500 |
| 001 |
001448920 |
| 003 |
CZ BrMZK |
| 005 |
20150723152755.0 |
| 007 |
ta |
| 008 |
150114s1954 ru er|||||||||||rus d |
| 040 |
|
|
|a ABA004
|b cze
|c ABA004
|d ABA004
|d BOA001
|
| 100 |
1 |
|
|a Surkov, Aleksej Aleksandrovič,
|d 1899-1983
|7 jn19990210592
|4 aut
|
| 245 |
1 |
0 |
|a Sočinenija v 2 tomach.
|n Tom 2,
|p Stichotvorenija /
|c A.A. Surkov
|
| 246 |
3 |
0 |
|a Stichotvorenija
|
| 260 |
|
|
|a Moskva :
|b Goslitizdat,
|c 1954
|
| 300 |
|
|
|a 367 s.
|
| 910 |
|
|
|a BOA001
|b 2-0329.411,2
|
| 990 |
|
|
|a BK
|
| 991 |
|
|
|b 201501
|
| 996 |
7 |
|
|b 2618998634
|c 2-0329.411,2
|l MZK
|r Sklad / do 24 hodin
|n 0
|w 001483599
|u 000010
|a 1
|e BOA001
|j MZK50
|s A
|